| 000 | 00462nam a22001577a 4500 | ||
|---|---|---|---|
| 003 | OSt | ||
| 005 | 20171102124627.0 | ||
| 008 | 171102b xxu||||| |||| 00| 0 eng d | ||
| 040 | _cmacl | ||
| 082 | _a891.433/s SON | ||
| 100 |
_aसाेनकर ,मनाेज _969356 |
||
| 245 | _aकूरीयर | ||
| 260 |
_aहरियाणा _bउर्मिका बुक्स _c2014 |
||
| 648 |
_aलधु कथाएं _969357 |
||
| 942 |
_2ddc _cHIN |
||
| 999 |
_c57113 _d57113 |
||